000 01575cam a2200301 a 4500
005 20031230185550.0
010 _aENG-101721 B-423407-408
020 _c1250.00
_a9788183241052
035 _aEN-85254
035 _aB-423407-408
037 _bDBAD/PUB
037 _bAllied Publishers
082 _a363.340954
245 1 0 _aHazard ecology :
_cedited by B.W. Pandey
_bapproaches and techniques /
260 _aNew Delhi
_bMittal Publications
_c2010
270 _a4594/9, Daryaganj,
_bNew Delhi
_e110002
300 _axxiii,392p.
_c24cm (Hb)
500 _aIncludes bibliographical references and index
650 0 _aHazardous geographic environments
_xIndia.
_930901
650 0 _aEnvironmental impact analysis
_x India.
_930902
650 0 _aEcological risk assessment
_x India.
_930903
700 _923269
_aPandey, B.W.
942 _2ddc
_cEN
_mHAZ
_h363.340954
999 _c48364
_d48364